| 000 | 00578nam a2200181 i 4500 | ||
|---|---|---|---|
| 001 | 147647 | ||
| 003 | ES-MaACL | ||
| 005 | 20260612132715.0 | ||
| 007 | t| | ||
| 008 | 071004s1965 sp ||||1| rum d | ||
| 100 | 1 |
_aUscatescu, Jorge, _d1919-1995 _9112293 |
|
| 245 | 1 | 0 |
_aProblemi contemporanei _b: técnica e liberta / _cGeorge Uscatescu. |
| 260 |
_a[s.l. : _bs.n.], _c1965 ( _fs.i.) |
||
| 300 |
_a15 p. ; _c24 cm. |
||
| 500 | _aPublicado en la revista "Responsabilidad del Sapere", v. 73-74. Ener-Jun.1965. | ||
| 852 |
_aES-MaACL _j2053-F-8 _bR.57195 |
||
| 999 |
_c147647 _d147647 |
||